00504 a2200205 4500260001000000630003900010650002600049100001800075260001500093245004900108300001000157650003400167260000900201300000900210100000700219037001200226440001500238700002700253020001800280 aParis a33 - Economie - Economie politique a3 - SCIENCES SOCIALES aDobb, Maurice bF. Maspero aEtudes sur le développement du capitalisme a417p. aCapitalisme : développement c1981 b22cm lFr aDE 1320 aFondations aTrad., Mozère, Liane a2-7071-1250-X